Movies Quiz

Random Movies or Director Quiz

Famous 'Directed By' Screen Credits Quiz Stats

 Plays Quiz Updated Feb 14, 2015

Challenge
Share
Tweet
Score 0/25 Timer 10:00
2 Plays Today
% Correct
Finding Nemo
97.3%
Spider-Man
95.3%
Batman
94.6%
Forrest Gump
90.5%
Star Wars Episode IV: A New Hope
89.9%
Back to the Future
85.4%
Rambo: First Blood Part II
84.9%
Jurassic Park
83.6%
Elf
81.1%
Ferris Bueller's Day Off
77.3%
Casino Royale
70.7%
Young Frankenstein
69.2%
Star Trek Into Darkness
64.8%
% Correct
The Shawshank Redemption
59.9%
Monty Python and the Holy Grail
58.1%
Dumb and Dumber
57.5%
Charlie and the Chocolate Factory
56.8%
North by Northwest
55.1%
The Avengers
46.4%
Catch Me If You Can
44.7%
The Naked Gun
32.3%
X-Men: First Class
26.7%
Once Upon a Time in the West
25.4%
Tommy Boy
18.6%
Hot Rod
17.3%

You're not logged in!

Compare scores with friends on all Sporcle quizzes.
Join for Free
OR
Log In

You Might Also Like...

Show Comments

Extras

Top Quizzes Today


Score Distribution

Your Account Isn't Verified!

In order to create a playlist on Sporcle, you need to verify the email address you used during registration. Go to your Sporcle Settings to finish the process.

Report this User

Report this user for behavior that violates our Community Guidelines.

Details: